The old capital /

Bibliographic Details
Main Author: Kawabata, Yasunari, 1899-1972
Format: Book
Language:English
Published: San Francisco, CA : North Point Press, 1987.

MARC

Tag First Indicator Second Indicator Subfields
LEADER 00000cam a2200000 a 4500
001 in00000027021
005 20151007055846.0
008 870522s1987 cau 00011 eng d
010 |a  86062836  
020 |a 0865472785 :  |c $15.95 
035 |a (OCoLC)15726729 
035 |9 AAB9466AM 
040 |a FEM  |c FEM  |d OCL  |d WAU  |d OCL  |d IXA  |d TXA  |d UtOrBLW 
041 1 |a eng  |h jpn 
049 |a TXAM  |c [A11116358] 
050 4 |a PL832.A9  |b K613 1987 
100 1 |a Kawabata, Yasunari,  |d 1899-1972. 
240 1 0 |a Koto.  |l English 
245 1 4 |a The old capital /  |c by Yasunari Kawabata ; translated by J. Martin Holman. 
264 1 |a San Francisco, CA :  |b North Point Press,  |c 1987. 
300 |a vi, 164 pages ;  |c 21 cm. 
336 |a text  |b txt  |2 rdacontent 
337 |a unmediated  |b n  |2 rdamedia 
338 |a volume  |b nc  |2 rdacarrier 
500 |a Translation of: Koto. 
999 |a MARS 
999 f f |s 3897fd4e-6c5c-3c4a-b9be-5602c9c46c97  |i 6eadb08e-b897-3273-8a8b-0b7fae41ca51  |t 0 
952 f f |p normal  |a Texas A&M University  |b College Station  |c Sterling C. Evans Library  |s Evans stk  |d Evans: Library Stacks  |t 0  |e PL832.A9 K613 1987  |h Library of Congress classification  |i unmediated -- volume  |m A14811116358 
998 f f |a PL832.A9 K613 1987  |t 0  |l Evans: Library Stacks